Online Catalogue and eLibrary

Adyathana sinhala ketikatha 1 (Record no. 5182)

MARC details
000 -LEADER
fixed length control field 00410nam a2200157Ia 4500
005 - DATE AND TIME OF LATEST TRANSACTION
control field 20250701032922.0
008 - FIXED-LENGTH DATA ELEMENTS--GENERAL INFORMATION
fixed length control field 240331s9999 xx 000 0 und d
020 ## - INTERNATIONAL STANDARD BOOK NUMBER
ISBN 9559521107
082 ## - DDC Classification
Item Number - Author Mark KUM
Class No. 800
100 ## - MAIN ENTRY--PERSONAL NAME
Personal name Kumarasinghe,K
245 #0 - TITLE STATEMENT
Title Adyathana sinhala ketikatha 1
260 ## - PUBLICATION, DISTRIBUTION, ETC.
Place of publication, distribution, etc. Kelaniya
Name of publisher, distributor, etc. S. Swarna De Silva Sheela
Date of publication, distribution, etc. 1992
300 ## - PHYSICAL DESCRIPTION
Extent (e.g. Volumes, Pages etc.) 100 p .,
500 ## - GENERAL NOTE
General note Modern Sinhala Short Stories
942 ## - Koha item type (Biblio)
Koha item type Books in Stacks (Lending)
Holdings
Lost status Damaged status Collection code Home library Current library Shelving location Date acquired Full call number Accession Number Item type
    Lending WERC Library WERC Library Social Science Cupboard 03/31/2024 800 KUM 3427 Books in Stacks (Lending)

© WERC Library